| 000 | 01247nab a2200217 i 4500 | ||
|---|---|---|---|
| 001 | 768714001 | ||
| 003 | CO-MdFUSB | ||
| 005 | 20240609113350.0 | ||
| 008 | 240604t1977 ag ||||| |||| 00| 0 spa d | ||
| 040 |
_bspa _cCO-MdFUSB _dCO-MdFUSB |
||
| 041 | _aspa | ||
| 100 |
_aSaldivar, Dina, _eautor |
||
| 245 | 3 |
_aLa Logoterapia _c/ Dina Saldivar |
|
| 520 | _aToda ciencia tiene algo así como una 'galería de celebridades', es una colección de pioneros excepcionales que han contribuido al campo de la ciencia. En psicología, damos con el nombre de Víctor Frankl, su enfoque particular de la psicoterapia, plasmado en lo que él llama la Logoterapia, sostiene que mucho más arraigada que aquéllas está la 'voluntad de sentido', la necesidad del hombre de hallar un sentido pleno para su existencia. Y en base a este supuesto, entre otros, se estructura toda la terapia de Frankl | ||
| 650 | 7 |
_aHombres _xPsicología _97148 |
|
| 650 | 0 |
_aPsicología de la religión _91028 |
|
| 650 | 7 |
_aReligión y ciencia _9259 |
|
| 773 | 0 |
_069974 _982718 _dBuenos Aires _oR2610 _tCerteza _w(CO-MdFUSB)768714001 _gNúmero 68, (octubre - diciembre, 1977) páginas: 114 - 117 _qpágina: 114 |
|
| 942 | _cANA | ||
| 945 | _aCatherine Arias Álvarez - Practicante SENA | ||
| 999 |
_c70057 _d70057 |
||